[Event "CUB-ch"]
[Site "Colon"]
[Date "1993.??.??"]
[Round "9"]
[White "Blanco Fernandez, Alvaro"]
[Black "Vilaseco, Franklyn"]
[Result "0-1"]
[WhiteElo "2305"]
[BlackElo "2325"]
[PlyCount "96"]
[EventDate "1993.10.??"]
[EventType "swiss"]
[EventRounds "11"]
[EventCountry "CUB"]
[SourceTitle "TD"]
[Source "ChessBase"]
[SourceDate "1994.03.01"]
[SourceVersion "1"]
[SourceVersionDate "1994.03.01"]
[SourceQuality "1"]

1. c4 Nf6 2. Nc3 d5 3. cxd5 Nxd5 4. g3 g6 5. Bg2 Nxc3 6. bxc3 Bg7 7. d4 0-0 8. e3 c5 9. Ne2 Qa5 10. 0-0 Nc6 11. Bb2 Rd8 12. Qc2 Be6 13. Rfd1 Bc4 14. Nc1 Rac8 15. d5 Ne5 16. h3 Ba6 17. e4 h5 18. a4 h4 19. gxh4 Nc4 20. Nb3 Qc7 21. Bc1 Qe5 22. Rd3 Na3 23. Rxa3 Bxd3 24. Qxd3 c4 25. Qd2 cxb3 26. Rxb3 Qc7 27. Bb2 Rd6 28. f4 Rb6 29. Rxb6 Qxb6+ 30. Kh1 Rc4 31. Ba3 Rxa4 32. Bxe7 Ra1+ 33. Kh2 Qg1+ 34. Kg3 Rd1 35. Qe2 b6 36. d6 Re1 37. Qd2 Rd1 38. Qe2 Bxc3 39. e5 Be1+ 40. Kf3 Rd2 41. d7 Rxd7 42. Bd6 Bxh4 43. Qf1 Qh2 44. Ke4 Rd8 45. Qe2 Qg3 46. Qf3 Qxf3+ 47. Bxf3 Rc8 48. e6 fxe6 0-1

[Event "CUB-ch"]
[Site "Colon"]
[Date "1993.??.??"]
[Round "10"]
[White "Vilaseco, Franklyn"]
[Black "Leyva Proenza, Ricardo"]
[Result "0-1"]
[WhiteElo "2325"]
[BlackElo "2285"]
[PlyCount "93"]
[EventDate "1993.10.??"]
[EventType "swiss"]
[EventRounds "11"]
[EventCountry "CUB"]
[SourceTitle "TD"]
[Source "ChessBase"]
[SourceDate "1994.03.01"]
[SourceVersion "1"]
[SourceVersionDate "1994.03.01"]
[SourceQuality "1"]

1. e4 e5 2. Nf3 Nc6 3. d4 exd4 4. Nxd4 Bc5 5. Nxc6 Qf6 6. Qd2 dxc6 7. Bd3 Be6 8. 0-0 0-0-0 9. Qe2 Ne7 10. Kh1 Rhe8 11. Nc3 Qh4 12. Be3 Bxe3 13. Qxe3 Kb8 14. Rfe1 Bc8 15. Qg3 Qxg3 16. hxg3 Be6 17. Rad1 c5 18. Bb5 c6 19. Be2 Rd4 20. f3 Red8 21. Kg1 Kc7 22. Kf2 b5 23. g4 Ng6 24. Ke3 Ne5 25. b3 h6 26. Nb1 Kb6 27. c3 Rxd1 28. Rxd1 Rxd1 29. Bxd1 c4 30. b4 c5 31. a3 f6 32. Nd2 cxb4 33. axb4 a5 34. bxa5+ Kxa5 35. f4 Nc6 36. Nf3 Bxg4 37. Nd4 Nxd4 38. Bxg4 Nc6 39. Bd7 Kb6 40. Be8 Kc5 41. g4 g5 42. fxg5 hxg5 43. Bxc6 Kxc6 44. e5 fxe5 45. Ke4 Kd6 46. Kf5 Kd5 47. Kxg5 0-1

[Event "CUB-ch"]
[Site "Colon"]
[Date "1993.??.??"]
[Round "4"]
[White "Vilaseco, Franklyn"]
[Black "Lopez Jimenez, Armando"]
[Result "1/2-1/2"]
[WhiteElo "2325"]
[BlackElo "2265"]
[PlyCount "24"]
[EventDate "1993.10.??"]
[EventType "swiss"]
[EventRounds "11"]
[EventCountry "CUB"]
[SourceTitle "TD"]
[Source "ChessBase"]
[SourceDate "1994.03.01"]
[SourceVersion "1"]
[SourceVersionDate "1994.03.01"]
[SourceQuality "1"]

1. Nf3 c5 2. c4 Nf6 3. g3 d5 4. cxd5 Nxd5 5. Bg2 Nc6 6. 0-0 e5 7. d3 Be7 8. Nc3 Be6 9. Ng5 Bxg5 10. Bxd5 Bxd5 11. Bxg5 Qxg5 12. Nxd5 0-0 1/2-1/2

[Event "Capablanca Memorial-C"]
[Site "Havana"]
[Date "1990.??.??"]
[Round "7"]
[White "Velez Betancourt, Nestor"]
[Black "Vilaseco, Franklyn"]
[Result "1/2-1/2"]
[WhiteElo "2330"]
[BlackElo "2310"]
[PlyCount "37"]
[EventDate "1990.??.??"]
[EventType "tourn"]
[EventRounds "13"]
[EventCountry "CUB"]
[EventCategory "4"]
[SourceTitle "EXT 2000"]
[Source "ChessBase"]
[SourceDate "1999.11.16"]
[SourceVersion "1"]
[SourceVersionDate "1999.11.16"]
[SourceQuality "1"]

1. e4 e6 2. c4 c5 3. Nc3 Nc6 4. d3 d6 5. g3 g6 6. Bg2 Bg7 7. Nge2 Nge7 8. Be3 Nd4 9. Qd2 Nec6 10. Rc1 0-0 11. h4 Qf6 12. Nf4 a6 13. Qd1 Bd7 14. 0-0 b5 15. b3 b4 16. Nce2 a5 17. Nxd4 Nxd4 18. Nh3 Qd8 19. Nf4 1/2-1/2

[Event "Capablanca Memorial-C"]
[Site "Havana"]
[Date "1990.??.??"]
[Round "?"]
[White "Vilaseco, Franklyn"]
[Black "Henao, Raul Fernando"]
[Result "1/2-1/2"]
[WhiteElo "2310"]
[BlackElo "2400"]
[PlyCount "32"]
[EventDate "1990.??.??"]
[EventType "tourn"]
[EventRounds "13"]
[EventCountry "CUB"]
[EventCategory "4"]
[SourceTitle "EXT 2000"]
[Source "ChessBase"]
[SourceDate "1999.11.16"]
[SourceVersion "1"]
[SourceVersionDate "1999.11.16"]
[SourceQuality "1"]

1. d4 Nf6 2. c4 g6 3. Nc3 d5 4. cxd5 Nxd5 5. e4 Nxc3 6. bxc3 Bg7 7. Bc4 c5 8. Ne2 Nc6 9. Be3 0-0 10. 0-0 Qc7 11. Rc1 Rd8 12. Qe1 e6 13. f4 Na5 14. Bd3 f5 15. e5 b6 16. Qf2 Bb7 1/2-1/2

[Event "Capablanca Memorial-C"]
[Site "Havana"]
[Date "1990.??.??"]
[Round "?"]
[White "Vilaseco, Franklyn"]
[Black "Navarro Segura, Roberto"]
[Result "1-0"]
[WhiteElo "2310"]
[BlackElo "2370"]
[PlyCount "81"]
[EventDate "1990.??.??"]
[EventType "tourn"]
[EventRounds "13"]
[EventCountry "CUB"]
[EventCategory "4"]
[SourceTitle "EXT 2000"]
[Source "ChessBase"]
[SourceDate "1999.11.16"]
[SourceVersion "1"]
[SourceVersionDate "1999.11.16"]
[SourceQuality "1"]

1. e4 e5 2. Nf3 Nf6 3. Nxe5 d6 4. Nf3 Nxe4 5. Qe2 Qe7 6. d3 Nf6 7. Bg5 Nbd7 8. Nc3 Qxe2+ 9. Bxe2 c6 10. 0-0-0 Be7 11. Rhe1 0-0 12. Bf1 Re8 13. Ne4 d5 14. Nxf6+ Nxf6 15. Bxf6 gxf6 16. h3 c5 17. d4 c4 18. Re3 b5 19. Ng1 a5 20. Ne2 b4 21. Nf4 Bb7 22. Rde1 Kf8 23. Nh5 a4 24. Ng7 Kxg7 25. Rxe7 Reb8 26. Rc7 b3 27. a3 bxc2 28. Ree7 Bc8 29. Rxf7+ Kg6 30. Rg7+ Kf5 31. Rce7 h5 32. g3 h4 33. Be2 hxg3 34. fxg3 Be6 35. Bg4+ Ke4 36. Bxe6 Kxd4 37. Rg4+ Kc5 38. Rd7 Re8 39. Rxd5+ Kc6 40. Rxc4+ Kb6 41. Rd6+ 1-0

[Event "CUB-ch"]
[Site "St Spiritus"]
[Date "1989.??.??"]
[Round "4"]
[White "Diaz Diaz, Joaquin Carlos"]
[Black "Vilaseco, Franklyn"]
[Result "0-1"]
[WhiteElo "2430"]
[BlackElo "2220"]
[PlyCount "70"]
[EventDate "1989.??.??"]
[EventType "swiss"]
[EventRounds "11"]
[EventCountry "CUB"]
[SourceTitle "EXT 1997"]
[Source "ChessBase"]
[SourceDate "1996.11.15"]
[SourceVersion "1"]
[SourceVersionDate "1996.11.15"]
[SourceQuality "1"]

1. e4 c5 2. Nf3 Nc6 3. d4 cxd4 4. Nxd4 Nf6 5. Nc3 e5 6. Ndb5 d6 7. Bg5 a6 8. Na3 b5 9. Nd5 Qa5+ 10. Bd2 Qd8 11. Nxf6+ Qxf6 12. Bd3 Be7 13. c4 0-0 14. cxb5 Nd4 15. Nc2 Nxc2+ 16. Qxc2 Qg6 17. g3 Bh3 18. b6 Rac8 19. Qa4 d5 20. b7 Rc4 21. Qb3 Rxe4+ 22. Kd1 Bg4+ 23. Kc1 Qc6+ 24. Kb1 Rb8 25. Bxe4 dxe4 26. Rc1 Qd7 27. Rc8+ Rxc8 28. bxc8Q+ Qxc8 29. Qc3 Qd7 30. b4 e3 31. Qxe3 h6 32. Kb2 a5 33. a3 Bg5 34. f4 Bf6 35. fxe5 Bg5 0-1